000 00894nas a2200325 4500
001 BR0300635
003 BR-BrBNA
005 20231205103547.0
007 ta
008 230509b bl.|||p| |||| 00| 00por d
040 _aBR-BrBNA
_bpor
_cBiblioteca Nacional de Agricultura
041 _a(Pt)
072 _aL70
100 1 _aLima, E.M.M.
100 1 _aSilva, F.O.C.
100 1 _aSeverino, R.S.
100 1 _aDrummond, S.S.
100 1 _aSantana, M.I.S.
245 1 _aArtérias da base do encéfalo em caprinos (Capra hircus)da raça Saanen
650 _aCAPRINO
650 _aRAÇA
650 _aARTÉRIA
650 _aCÉREBRO
650 _aINJEÇÃO
650 _aAUTÓPSIA
650 _aVETERINÁRIA
773 0 _tArs Veterinária (Brazil)
_xISSN 0102-6380
_g(Apr 2002), v. 18(1) p. 1-8
_wBR0300635
909 _a202311
_bLúcia
_c55
_dLúcia Elande
942 _2AGRIS
_n0
_cANA
999 _c173521
_d173521